Wake up, Groundhog! / (Record no. 9352)

MARC details
000 -LEADER
fixed length control field 01440cam a2200385 a 4500
001 - CONTROL NUMBER
control field 9352
003 - CONTROL NUMBER IDENTIFIER
control field FISKH
005 - DATE AND TIME OF LATEST TRANSACTION
control field 20251211144524.0
008 - FIXED-LENGTH DATA ELEMENTS--GENERAL INFORMATION
fixed length control field 970819s1997 nyua b 000 1 eng d
010 ## - LIBRARY OF CONGRESS CONTROL NUMBER
LC control number 97072114
020 ## - INTERNATIONAL STANDARD BOOK NUMBER
International Standard Book Number 0307988481
020 ## - INTERNATIONAL STANDARD BOOK NUMBER
International Standard Book Number 9780307988485
020 ## - INTERNATIONAL STANDARD BOOK NUMBER
International Standard Book Number 033500988486
035 ## - SYSTEM CONTROL NUMBER
System control number 1656541
040 ## - CATALOGING SOURCE
Original cataloging agency IHS
Transcribing agency IHS
Modifying agency DLC
Language of cataloging eng
050 ## - LIBRARY OF CONGRESS CALL NUMBER
Classification number PZ7.K8369 W
082 ## - DEWEY DECIMAL CLASSIFICATION NUMBER
Classification number 394.261
100 1# - MAIN ENTRY--PERSONAL NAME
Personal name Korman, Susan.
245 10 - TITLE STATEMENT
Title Wake up, Groundhog! /
Statement of responsibility, etc. by Susan Korman ; illustrated by Eugenie Fernandes.
260 ## - PUBLICATION, DISTRIBUTION, ETC.
Place of publication, distribution, etc. New York :
Name of publisher, distributor, etc. Golden Books,
Date of publication, distribution, etc. 1997.
300 ## - PHYSICAL DESCRIPTION
Extent 24 unnumbered pages :
Other physical details color illustrations ;
Dimensions 21 cm
490 0# - SERIES STATEMENT
Series statement A little golden book
505 ## - FORMATTED CONTENTS NOTE
Formatted contents note J<br/>
520 ## - SUMMARY, ETC.
Summary, etc. It's Groundhog Day, and all Gregory Groundhog's friends keep waking him up to find out whether Spring will be coming soon. Finally Gregory gets up, sees his shadow, and tells them winter will last six more weeks. Disappointed, they all return home to take naps, and Gregory decides to...wake them up!
521 8# - TARGET AUDIENCE NOTE
Target audience note 490<br/>
Source Lexile AD<br/>
521 8# - TARGET AUDIENCE NOTE
Target audience note J<br/>
Source Raz-Plus<br/>
650 #1 - SUBJECT ADDED ENTRY--TOPICAL TERM
Topical term or geographic name entry element Groundhog Day
Form subdivision Fiction.
650 #1 - SUBJECT ADDED ENTRY--TOPICAL TERM
Topical term or geographic name entry element Woodchucks
Form subdivision Fiction.
650 #1 - SUBJECT ADDED ENTRY--TOPICAL TERM
Topical term or geographic name entry element Marmots
Form subdivision Fiction.
655 #7 - INDEX TERM--GENRE/FORM
Genre/form data or focus term Fiction.
Source of term lcgft
Authority record control number or standard number https://id.loc.gov/authorities/genreForms/gf2014026339
700 1# - ADDED ENTRY--PERSONAL NAME
Personal name Fernandes, Eugenie,
Dates associated with a name 1943-
Relator term illustrator
906 ## - LOCAL DATA ELEMENT F, LDF (RLIN)
a 7
b cbc
c copycat
d 2
e opcn
f 19
g y-gencatlg
942 ## - ADDED ENTRY ELEMENTS (KOHA)
Source of classification or shelving scheme Dewey Decimal Classification
Koha item type Books
Suppress in OPAC No
Holdings
Withdrawn status Lost status Source of classification or shelving scheme Damaged status Not for loan Collection Home library Current library Shelving location Date acquired Total Checkouts Full call number Barcode Date last seen Copy number Price effective from Koha item type
    Dewey Decimal Classification     Juvenile Fiction Footprints International School Library Network Toul Tom Poung Campus Footprints International School Library Network Toul Tom Poung Campus TTP Primary Dark Blue Bookshelves 12/11/2025   KOR 394.261 PZ7.K8369 W FISBK00181 12/11/2025 1 12/11/2025 Books